Design, Measurement and Management of Large-Scale IP Networks: Bridging the Gap Between Theory and Practice / (Record no. 617120)

000 -LEADER
fixed length control field 00557nam a22001577a 4500
003 - CONTROL NUMBER IDENTIFIER
control field NUST
005 - DATE AND TIME OF LATEST TRANSACTION
control field 20260416121431.0
008 - FIXED-LENGTH DATA ELEMENTS--GENERAL INFORMATION
fixed length control field 260416b ||||| |||| 00| 0 eng d
020 ## - INTERNATIONAL STANDARD BOOK NUMBER
International Standard Book Number 978-1316697689
082 ## - DEWEY DECIMAL CLASSIFICATION NUMBER
Classification number 004.67
Author Mark NUC
100 ## - MAIN ENTRY--PERSONAL NAME
Personal name Antonio Nucci, Konstantina Papagiannaki.
9 (RLIN) 134171
245 ## - TITLE STATEMENT
Title Design, Measurement and Management of Large-Scale IP Networks: Bridging the Gap Between Theory and Practice /
Statement of responsibility, etc. Antonio Nucci, Konstantina Papagiannaki.
260 ## - PUBLICATION, DISTRIBUTION, ETC.
Place of publication, distribution, etc. UK
Name of publisher, distributor, etc. Cambridge University Press,
Date of publication, distribution, etc. 2008.
563 ## - BINDING INFORMATION
Binding note Hardcover
942 ## - ADDED ENTRY ELEMENTS (KOHA)
Source of classification or shelving scheme
Koha item type Book
Holdings
Withdrawn status Lost status Source of classification or shelving scheme Damaged status Not for loan Permanent Location Current Location Date acquired Total Checkouts Full call number Barcode Date last seen Price effective from Koha item type
          Institute of Geographical Information Systems (IGIS) Institute of Geographical Information Systems (IGIS) 04/16/2026   004.67 NUC IGIS-1388 04/16/2026 04/16/2026 Book
© 2023 Central Library, National University of Sciences and Technology. All Rights Reserved.